What I learned on the way to the top

Bibliographic Details
Main Author: Ziglar, Zig (Author)
Format: Book
Language:English
Published: Petaling Jaya : Advantage Quest Publications 1999
Subjects:

MARC

LEADER 00000cam a2200000 7i4500
001 0000007014
005 20241001.0
008 231124 my eng
020 |a 9839214624 (pbk) 
040 |a INS   |b eng   |e rda 
090 0 0 |a BJ1611.2.   |b Z55 1999 
100 1 |a Ziglar, Zig ,   |e author 
245 1 0 |a What I learned on the way to the top   |c by Zig Ziglar 
264 1 |a Petaling Jaya :   |b Advantage Quest Publications   |c 1999 
300 |a 221 pages ;   |c 21 cm. 
336 |a text  |2 rdacontent 
337 |a unmediated  |2 rdamedia 
338 |a volume  |2 rdacarrier 
650 0 |a Conduct of Life 
650 0 |a Success 
999 |a 0000007687   |b BOOK   |c Open Shelf   |e Default branch 
999 |a 0000008313   |b BOOK   |c Open Shelf   |e Default branch 
999 |a 0000023063   |b BOOK   |c Open Shelf   |e Default branch